000 00576nam a2200169Ia 4500
008 110201s9999 xx 000 0 und d
082 _bB8392
_aP 168
100 _aचौधरी बहिणाबाई
245 _aबहिणाईची गाणी
260 _bसुचित्रा प्रकाशन
365 _b150
600 _aचौधरी बहिणाबाई
630 _aबहिणाईची गाणी
700 _aचौधरी बहिणाबाई
730 _aबहिणाईची गाणी
942 _cBOOK
999 _c833874
_d833871